| 000 | 00941nam a2200277 a 4500 | ||
|---|---|---|---|
| 001 | BRCA_7497 | ||
| 005 | 20190320205847.0 | ||
| 008 | 300413s1929----gw-a######---#000-0#ger-# | ||
| 041 | _ager | ||
| 044 | _agw | ||
| 050 | 4 |
_aND633 _b.D85 1929 |
|
| 100 | 1 |
_aDülberg, Franz _918460 |
|
| 245 | 1 | 0 |
_aNiederländische Malerei der Spätgotik und Renaissance _cvon Franz Dulberg ; begründet von Fritz Burger ; herausgegeben von A. E. Brinckmann. |
| 260 |
_aAlemania _bAkademische Verlagsgesellschaft Athenaion _c1929 |
||
| 300 |
_a177 p. _bil. (algunas a color), 11 láminas _c29 cm. |
||
| 440 | 0 |
_aHandbuch der Kunstwissenschaft _918461 |
|
| 500 | _aR27 | ||
| 504 | _aBibliografía p. 173 | ||
| 650 | 1 | 4 |
_aPintura _xHistoria _zPaíses Bajos _918462 |
| 650 | 1 | 4 |
_aPintura gótica _92040 |
| 650 | 1 | 4 |
_aPintura renacentista _97759 |
| 700 | 1 |
_aBurger, Fritz _918463 |
|
| 700 | 1 |
_aBrinckmann A. E. _eed. _918464 |
|
| 902 | _aGFM | ||
| 942 |
_2lcc _cB |
||
| 999 |
_c7172 _d7172 |
||